All things McDonald's UK - Statistics

General Stats
  • This quiz has been taken 30 times
    27 since last reset
  • The average score is 7 of 15
Answer Stats
First and last letters Answer % Correct
C... R ๐Ÿ” Cheeseburger
80%
R.. D ๐Ÿคก Ronald Mcdonald
80%
F... S ๐ŸŸ French fries
76%
D... U ๐Ÿš˜ Drive Thru
72%
T... S ๐Ÿšน๐Ÿšบโ™ฟ Toilets
68%
W... I ๐Ÿ“ถ Wifi
68%
B... C ๐Ÿ” Big Mac
64%
C... K ๐Ÿš˜๐Ÿ…ฟ๏ธ Car park
60%
H... L ๐Ÿ˜Š Happy Meal
56%
M... Y ๐Ÿ ๐Ÿš™ McDelivery
32%
C... S ๐Ÿ” Chicken McNuggets
20%
M... E ๐Ÿฟ Milkshake
12%
C... S ๐Ÿฅ• Carrot batons
0%
D... S โฌ‡๏ธ Dips
0%
P... U Pound saver menu
0%
No matching quizzes found
Score Distribution
Percent of People with Each Score
Percentile by Number Answered
Your Score History
You have not taken this quiz since the last reset